000 00565nam a2200229Ia 4500
003 OSt
005 20221006151939.0
006 a|||||r|||| 00| 0
007 ta
008 221006b |||||||| |||| 00| 0 jpn d
020 _c700.00
024 _a24,016
037 _cTextual
040 _aEASL
_cEASL
_bjpn
041 _2jpn
_ajpn
100 _aGROVER V Ed.
_9660394
245 0 _aChina, Japan and India's foreign policy
260 _an
_bDeep & Deep
_c1992
300 _a671p.
_ccm.
942 _cTEXL
_2CC
999 _c1092102
_d1092102